MARC

LEADER 00000nam0a2200000 4500
001 373233
005 20231101050643.0
010 |a 5726004523 
020 |a RU  |b 90-23679 
035 |a (RuTPU)RU\TPU\retro\30661 
035 |a RU\TPU\book\246602 
090 |a 373233 
100 |a 20221215d1990 km a0rusy5003 ca 
101 0 |a rus 
102 |a RU 
105 |a y z 000zy 
200 1 |a Перед выбором. Социалистическая идея: настоящее и будущее  |f С. С. Алексеев 
210 |a Москва  |c Юридическая литература  |d 1990 
215 |a 190,[2] с.  |d 17 см 
606 1 |a Социалистическое общество  |x Социальная стркутура  |y СССР  |2 stltpush  |3 (RuTPU)RU\TPU\subj\55656 
610 1 |a социалистическое общество 
610 1 |a настоящее 
610 1 |a будущее 
610 1 |a перестройка 
610 1 |a собственность 
610 1 |a социализм 
686 |a Ф3(2)11  |2 rubbk 
686 |a Х620.3  |2 rubbk 
700 1 |a Алексеев  |b С. С.  |g Сергей Сергеевич  |4 070 
801 0 |a RU  |b RuMRKP  |c 19950417  |g psbo 
801 1 |a RU  |b 63413507  |c 20121120 
801 2 |a RU  |b 63413507  |c 20221215  |g RCR 
942 |c BK